[Event "Regionalliga West 0304 (Women)"]
[Site "Germany"]
[Date "2004.02.29"]
[Round "4.2"]
[White "Domrath, Marion"]
[Black "Kelzenberg, Heidi"]
[Result "1-0"]
[WhiteElo "1716"]
[BlackElo "1428"]
[PlyCount "79"]
[EventDate "2003.10.26"]
[EventType "team"]
[EventRounds "5"]
[EventCountry "GER"]
[SourceTitle "EXT 2006"]
[Source "ChessBase"]
[SourceDate "2005.11.24"]
[SourceVersion "1"]
[SourceVersionDate "2005.11.24"]
[SourceQuality "1"]
[WhiteTeam "Oberhausen (W)"]
[BlackTeam "Heinsberg (W)"]
[WhiteTeamCountry "GER"]
[BlackTeamCountry "GER"]

1. c4 e5 2. Nc3 Nc6 3. g3 Nf6 4. Bg2 Be7 5. e3 0-0 6. Nge2 d6 7. 0-0 Be6 8. b3 d5 9. cxd5 Nxd5 10. Bb2 Bf6 11. Ne4 Qe7 12. N2c3 Rad8 13. Qe2 a6 14. Rac1 Rd7 15. Nxd5 Bxd5 16. Nc5 Bxg2 17. Kxg2 Rd5 18. Nxb7 Qd7 19. Nc5 Qd8 20. Ne4 Nb4 21. Ba3 Be7 22. Bxb4 Bxb4 23. Qxa6 Bxd2 24. Nxd2 Rxd2 25. Qa5 Rd5 26. Qxc7 Qf6 27. Qc6 Rd6 28. Qe4 Qe6 29. Rc2 Ra6 30. Rfc1 g6 31. Rc6 Rxc6 32. Rxc6 Qe7 33. b4 Qa7 34. Qc4 Qb7 35. e4 Qe7 36. a4 Kh8 37. Rc7 Qe8 38. Qc5 f6 39. Qa7 Kg8 40. Rg7+ 1-0